00621nam a22002057a 450000500170000001000130001702000230003003500130005303700160006604000120008208200200009410000230011424500840013726000340022127000430025530000200029850000510031865000190036965000270038820170124105918.0 aA-946115 a8173870845c500.00 aA-946115 bCen Lib/Ret aDPLbEN a306.095411bCHA aChaudhry, Minakshi aExploring pangi Himalaya :ba world beyond civilization /cby Minakshi Chaudhry aDelhibIndus Publishingc1998 aFS-5, Tagore GardenbNew Delhie110027 a326p.c22cm(Hb) aIncludes bibliographical references and index aSocial science aHimalaya Society-Pangi